000
00208 a2200109 4500
020
_a
9781632456748
041
_a
spa
100
_a
Perera, Hilda
245
_a
La pata pita vuelve
942
_c
BK
952
_7
1
999
_c
20519
_d
20519